Χρειάζεται ο Μωρηάς προστασία; : ανάλυση της χωροταξικής κατανομής των προστατευτέων περιοχών στην Ελλάδα : πτυχιακή εργασία
Αποθηκεύτηκε σε:
| Κύριος συγγραφέας: | |
|---|---|
| Συγγραφή απο Οργανισμό/Αρχή: | |
| Άλλοι συγγραφείς: | , |
| Μορφή: | Thesis Βιβλίο |
| Γλώσσα: | Greek |
| Δημοσίευση: |
Μυτιλήνη :
Πανεπιστήμιο Αιγαίου, Τμήμα Περιβάλλοντος, Τομέας Διαχείρισης Οικοσυστήματων,
1995
|
| Θέματα: | |
| Διαθέσιμο Online: | http://hdl.handle.net/11610/9898 |
| Ετικέτες: |
Προσθήκη ετικέτας
Δεν υπάρχουν, Καταχωρήστε ετικέτα πρώτοι!
|
MARC
| LEADER | 00000cam a2200000 i 4500 | ||
|---|---|---|---|
| 001 | 1/4701 | ||
| 008 | 000531s1995 gre d | ||
| 035 | |l 10061310 | ||
| 040 | |a GR-MY-UA |b gre |e aacr | ||
| 041 | 0 | |a gre | |
| 082 | 0 | |a 333.7 |2 (22) | |
| 100 | 1 | |a Ανδρονικίδη, Δέσποινα Ι. | |
| 245 | 1 | 0 | |a Χρειάζεται ο Μωρηάς προστασία; : |b ανάλυση της χωροταξικής κατανομής των προστατευτέων περιοχών στην Ελλάδα : πτυχιακή εργασία / |c Δέσποινα Ι. Ανδρονικίδη, Αντώνης Α. Αντωνίου ; υπεύθυνος καθηγητής: Α. Ι. Τρούμπης |
| 260 | |a Μυτιλήνη : |b Πανεπιστήμιο Αιγαίου, Τμήμα Περιβάλλοντος, Τομέας Διαχείρισης Οικοσυστήματων, |c 1995 | ||
| 300 | |a 126 σ.; |b εικ., πιν., σχ., χάρτες; |c 30 εκ. | ||
| 502 | |a Πτυχιακή εργασία – Πανεπιστήμιο Αιγαίου, Λέσβος, 1995. | ||
| 504 | |a Περιέχει βιβλιογραφία | ||
| 650 | 0 | 0 | |a Environmental protection |z Greece |z Peloponnesus (Peninsula) |
| 650 | 0 | 0 | |a Protected areas |z Greece |z Peloponnesus (Peninsula) |
| 650 | 0 | 0 | |a Dissertations, Academic |z Greece. |
| 700 | 1 | |a Αντωνίου, Αντώνης Α. | |
| 700 | 1 | |a Τρούμπης, Ανδρέας. |4 ths | |
| 710 | 2 | |a Πανεπιστήμιο Αιγαίου. |b Σχολή Περιβάλλοντος. |b Τμήμα Περιβάλλοντος. | |
| 852 | |a INST |b LESVOS |c DIATR |e 20000531 |h 199 |p 005100026126 |q 005100026126 |t DIE |y 23 | ||
| 852 | |a INST |b LESVOS |c DIATR |e 20000531 |h 200 |p 005100026125 |q 005100026125 |t DIE |y 23 | ||
| 856 | |u http://hdl.handle.net/11610/9898 | ||
| 901 | |a BIBL1-2000-2 | ||
| 909 | |a Λ |b 079024 | ||
| 909 | |a Λ |b 079025 | ||
| 924 | |a ΑΝΔΡΟΝΙΚΙΔΗ |b ΔΕΣΠΟΙΝΑ Ι. |y ΛΕΣΒΟΣ |z 1995-02 | ||
| 924 | |a ΑΝΤΩΝΙΟΥ |b ΑΝΤΩΝΗΣ Ι. |y ΛΕΣΒΟΣ |z 1995-02 | ||
| 970 | |a ΑΙΒΑΤΖΙΔΟΥ |b ΕΛΕΝΗ |z 2000/05/31 | ||